[Event "Mechanics' Alan Benson TNM; G/2"]
[Site "San Francisco"]
[Date "2016.09.20"]
[Round "8.19"]
[White "Hakobyan, Sos"]
[Black "Morgan, Jerry Dugl"]
[Result "0-1"]
[WhiteElo "1980"]
[BlackElo "1568"]
[Annotator "Donaldson"]
[PlyCount "84"]
[EventDate "2016.??.??"]

1. e4 Nf6 2. e5 Nd5 3. c4 Nb6 4. d4 d6 5. exd6 exd6 6. Nc3 Nc6 7. Be3 Be7 8.
Bd3 O-O 9. Nf3 Bg4 10. O-O Nb4 11. Be2 c6 12. a3 Na6 13. b3 d5 14. c5 Nc8 15.
b4 Bf6 16. Rb1 Nc7 17. a4 Ne7 18. h3 Bxf3 19. Bxf3 Ne6 20. Ne2 Nf5 21. b5 Qe7
22. Rb3 Nxe3 23. Rxe3 Bg5 24. Rb3 Rfe8 25. Ng3 g6 26. Re1 Qf6 27. Rb4 Bh4 28.
Bg4 Re7 29. Qb1 Rae8 30. bxc6 bxc6 31. Bxe6 fxe6 32. Re5 Rf8 33. Qe1 Kg7 34.
Rb3 Qf4 35. Qe3 Bxg3 36. fxg3 $2 (36. Qxg3 Qxd4 $17) 36... Qf1+ 37. Kh2 {
Diagram [#]} Rf2 $1 38. Qf3 Rxf3 39. Rxf3 Qc4 40. Rf4 Qxa4 41. h4 Qa6 42. h5
Qc8 0-1

[Event "Mechanics' Alan Benson TNM; G/2"]
[Site "San Francisco"]
[Date "2016.08.23"]
[Round "4.3"]
[White "Hakobyan, Sos"]
[Black "Viswanath Natraj, Ganesh"]
[Result "0-1"]
[WhiteElo "1980"]
[BlackElo "2101"]
[Annotator "Donaldson"]
[PlyCount "74"]
[EventDate "2016.??.??"]

1. c4 Nf6 2. Nc3 e5 3. g3 Nc6 4. Bg2 Bc5 5. a3 a6 6. b4 Ba7 7. Bb2 O-O 8. e3 d6
9. Nge2 h6 10. h4 Rb8 11. Rc1 Bf5 12. f3 h5 13. Nd5 Nxd5 14. cxd5 Ne7 15. e4
Bd7 16. d4 f5 17. dxe5 fxe4 18. f4 Nf5 19. Bxe4 Ne3 20. Qb3 Bf5 21. Bxf5 Nxf5
22. e6 Be3 23. Rc3 Bb6 24. Rd3 Qe8 25. Bd4 Nxd4 26. Nxd4 Qg6 27. Kd1 Qf6 28.
Nc2 Rbc8 29. Re1 Kh8 30. Qc3 Qg6 31. Kc1 c6 32. e7 Rfe8 33. Re6 (33. dxc6 Rxc6
34. Qb3 $18) 33... Qf5 34. Ne3 $4 (34. Rxd6) 34... Bxe3+ 35. Kb2 (35. Rdxe3
cxd5) 35... Bb6 36. Qb3 Rc7 37. Rxd6 Rcxe7 0-1

[Event "Mechanics' Summer TNM; G/2"]
[Site "San Francisco"]
[Date "2016.07.12"]
[Round "8.2"]
[White "Hakobyan, Sos"]
[Black "Stearman, Josiah P"]
[Result "0-1"]
[WhiteElo "1873"]
[BlackElo "2231"]
[Annotator "Donaldson"]
[PlyCount "74"]
[EventDate "2016.??.??"]

1. d4 d5 2. c4 e6 3. Nf3 c6 4. Nc3 f5 5. Bf4 Nf6 6. e3 Be7 7. Be2 O-O 8. O-O
Ne4 9. Qc2 Nd7 10. cxd5 exd5 11. Ne5 Nxe5 12. Bxe5 Bd6 13. Bxd6 Qxd6 14. Nxe4
fxe4 15. f3 exf3 16. Rxf3 Rxf3 17. Bxf3 g6 $11 18. Qc5 Qxc5 19. dxc5 Bf5 20.
Kf2 Re8 21. b4 g5 22. h3 Be4 23. a4 Kg7 24. b5 Kf6 25. bxc6 bxc6 26. Bg4 (26.
Bxe4 Rxe4 27. Rb1 Rxa4 28. Rb7 h5 29. Rc7 {
With activity of the White rook compensating for the minus pawn.}) 26... Rb8
$17 27. Ra2 Ke5 28. Bd7 d4 $1 29. exd4+ Kxd4 30. Kg3 h5 31. h4 Rb3+ 32. Kf2 g4
33. Rd2+ Kxc5 34. Be8 g3+ 35. Ke2 Bxg2 36. Bxh5 Be4 37. Rd1 g2 0-1

[Event "Mechanics' Winter TNM; G/2"]
[Site "San Francisco"]
[Date "2016.01.05"]
[Round "1.23"]
[White "Hakobyan, Sos"]
[Black "Tungkitkancharoen, Songtham"]
[Result "1-0"]
[WhiteElo "1886"]
[BlackElo "1380"]
[PlyCount "157"]
[EventDate "2016.??.??"]

1. e4 e6 2. d4 d5 3. Nc3 c5 4. exd5 exd5 5. Bb5+ Nc6 6. Qe2+ Be6 7. Nf3 a6 8.
Bxc6+ bxc6 9. Ng5 Qd7 10. Nxe6 Qxe6 11. dxc5 Qxe2+ 12. Nxe2 Bxc5 13. c3 a5 14.
Nd4 Bxd4 15. cxd4 Ne7 16. g4 h5 17. g5 f6 18. gxf6 gxf6 19. Rg1 Kf7 20. Bd2
Rhe8 21. O-O-O Rec8 22. Bc3 c5 23. Rd3 Nf5 24. dxc5 Rxc5 25. Kb1 Ne7 26. Rh3
Rb8 27. Rgg3 Rh8 28. Rf3 Rh6 29. Bd4 Rc4 30. Be3 Rh7 31. b3 Rc6 32. Rh4 Kg6 33.
Ra4 Rd6 34. Rxa5 d4 35. Bd2 d3 36. Rg3+ Kf7 37. Kb2 Nc6 38. Ra6 Ke6 39. b4 Rb7
40. a3 Ne5 41. Rxd6+ Kxd6 42. f4 Nc4+ 43. Kc3 Nxa3 44. Rxd3+ Kc6 45. Rh3 Nb1+
46. Kc2 Nxd2 47. Kxd2 Rxb4 48. Rc3+ Kd6 49. Ke3 Ke6 50. Kf3 Kf5 51. Rc5+ Kg6
52. Rc3 Kf5 53. Rc5+ Kg6 54. Rc3 Kf5 55. Kg3 h4+ 56. Kxh4 Rxf4+ 57. Kh5 Ke4 58.
Rc8 f5 59. h3 Rf3 60. h4 f4 61. Re8+ Kd3 62. Kg4 Rf1 63. h5 f3 64. Rf8 Ke2 65.
Re8+ Kd2 66. Kg3 Rh1 67. Re5 Kd3 $2 (67... Rf1 $11) 68. Kxf3 Rh3+ 69. Kg4 Kd4
70. Ra5 Rh1 71. Kg5 Ke4 72. Kg6 Kf4 73. h6 Rg1+ 74. Kh7 Kg4 75. Kh8 Kh4 76. h7
Rg6 77. Ra7 Kh5 78. Rg7 Rh6 79. Kg8 1-0

[Event "Mechanics' Summer TNM; G/2"]
[Site "San Francisco"]
[Date "2016.06.07"]
[Round "3.9"]
[White "Hakobyan, Sos"]
[Black "Vickers, Keith"]
[Result "1-0"]
[WhiteElo "1873"]
[BlackElo "2200"]
[Annotator "Donaldson"]
[PlyCount "120"]
[EventDate "2016.??.??"]

1. Nf3 f5 2. d4 Nf6 3. c4 e6 4. a3 Be7 5. Nc3 d6 6. Bf4 O-O 7. e3 Ne4 8. h4
Nxc3 9. bxc3 c5 10. Bd3 Nc6 11. Qc2 Bf6 12. Bg5 h6 13. Bxf6 Qxf6 14. Rd1 e5 15.
Be2 b6 16. d5 Ne7 17. Kd2 e4 18. Nh2 Ng6 19. h5 Ne5 20. f4 exf3 21. gxf3 Ba6
22. Qa4 Bb7 23. f4 Nf7 24. Rdg1 Nh8 25. Rg3 Rf7 26. Rhg1 Kf8 27. Qc2 Re8 28.
Bd3 Qh4 29. Kc1 Qxh5 {Diagram [#]} 30. Qg2 $1 Qh4 (30... Ree7 $2 31. Rh3) 31.
Rxg7 Qf6 32. Rg8+ Ke7 33. Rxe8+ Kxe8 34. Kd2 Kd8 35. Qg8+ Rf8 36. Qg7 Qe7 37.
Qxh6 Bc8 38. Qg5 Nf7 39. Qxe7+ Kxe7 40. Nf3 Rh8 41. Rg2 Kf6 42. Rh2 Rxh2+ 43.
Nxh2 Bd7 44. Ke2 Nh6 45. Kf3 Be8 46. Kg3 Bh5 47. Kh4 Bd1 48. Nf1 Ng4 49. Kg3
Nh6 50. Kf2 Ng4+ 51. Ke1 Ba4 52. Kd2 Bd7 53. Ng3 Nf2 54. e4 fxe4 55. Bxe4 Nh3
56. Nh5+ Kf7 57. Ke3 Bg4 58. Ng3 Kf6 59. Bg2 Bd7 60. Ne4+ Ke7 {
and White eventually won. Remaining moves unavailable.} 1-0

[Event "Mechanics' Summer TNM; G/2"]
[Site "San Francisco"]
[Date "2016.06.21"]
[Round "5.6"]
[White "Hakobyan, Sos"]
[Black "Walder, Michael S"]
[Result "0-1"]
[WhiteElo "1873"]
[BlackElo "2128"]
[PlyCount "69"]
[EventDate "2016.??.??"]

1. e4 c5 2. Nf3 d6 3. d4 cxd4 4. Qxd4 a6 5. Nc3 Nc6 6. Qd3 Nf6 7. Bg5 e6 8.
O-O-O Qc7 9. Bxf6 gxf6 10. Nd2 b5 11. f4 Bb7 12. Be2 Rc8 13. Kb1 Nb4 14. Qe3
Nxc2 15. Kxc2 b4 16. Ndb1 Be7 17. Rd3 d5 18. Bf3 Bc5 19. Qd2 bxc3 20. Rxc3 dxe4
21. Bh5 e3 22. Qd3 f5 23. Qc4 Be4+ 24. Kc1 O-O 25. b4 Qb7 26. a3 a5 27. Bf3
Bxb4 28. Bxe4 fxe4 29. Qb3 Rxc3+ 30. Nxc3 Rc8 31. axb4 axb4 32. Qb2 Rxc3+ 33.
Kb1 Qd5 34. Rc1 Rb3 $4 35. Rc8+ 0-1

[Event "Mechanics' Alan Benson TNM; G/2"]
[Site "San Francisco"]
[Date "2016.09.06"]
[Round "6.4"]
[White "Hakobyan, Sos"]
[Black "Winslow, Elliott C"]
[Result "0-1"]
[WhiteElo "1980"]
[BlackElo "2321"]
[Annotator "Winslow,Elliott"]
[PlyCount "94"]
[EventDate "2016.??.??"]

1. d4 Nf6 2. Nf3 c5 3. d5 e6 4. c4 exd5 5. cxd5 d6 6. Nc3 g6 7. e4 Bg7 8. Bd3
a6 9. a4 Bg4 10. h3 Bxf3 11. Qxf3 Nbd7 12. Bf4 Qe7 13. O-O O-O 14. Rfe1 Ne5 15.
Bxe5 Qxe5 16. Qe3 Rfe8 17. a5 $146 (17. f4 Qe7 18. Kh1 {
0-1 (40) Donaldson,T (1755)-Stojic,D (1984) Mount Buller 2005}) 17... Rac8 18.
f4 Qe7 19. Kh1 Nd7 20. Qf3 c4 21. Bc2 Rc5 (21... Nc5 $15) 22. Ra4 f5 {
initiating craziness} 23. Rb4 Rxa5 (23... Bxc3 24. Qxc3 Nf6 25. Rxc4 Rxc4 26.
Qxc4 fxe4) 24. Rxb7 Qh4 25. Rd1 (25. Re2) 25... Nc5 26. Rc7 fxe4 27. Nxe4 Nxe4
28. Bxe4 Rb5 29. Rxc4 Rxb2 30. Rf1 a5 31. Rc7 Rb4 32. Bb1 {Diagram [#]} Re1 $6
(32... Rxf4 33. Qxf4 Qxf4 34. Rxf4 Re1+ 35. Kh2 Be5 36. g3 Bxf4 37. gxf4 Rxb1
38. Rc6 $15) (32... Bh6 $1 $17) 33. Rc8+ (33. Rxg7+ $1 Kf8 $1 34. Rc7 Rbxb1 35.
Rxe1 (35. Rc8+ Kg7 36. Rc7+ Kh6 37. Rxe1 Qxe1+ 38. Kh2 Qg1+ 39. Kg3 $11) 35...
Qxe1+ 36. Kh2 $11 a4 37. Qg4 Qg1+ 38. Kg3 Rb3+ $4 39. Kh4) 33... Bf8 34. Rc1
Rxc1 35. Rxc1 Qxf4 36. Qxf4 Rxf4 37. Ba2 Bh6 38. Rc2 Rf1+ 39. Kh2 Bf4+ 40. g3
Be5 41. Rg2 g5 42. Bc4 Rc1 43. Be2 a4 44. Bd3 a3 45. Ra2 Rc3 46. Bf5 Rxg3 47.
Bg4 Rxg4+ 0-1

[Event "Mechanics' Winter TNM; G/2"]
[Site "San Francisco"]
[Date "2016.02.16"]
[Round "7.18"]
[White "Hakobyan, Sos"]
[Black "Yamamoto, Craig"]
[Result "1-0"]
[WhiteElo "1886"]
[BlackElo "1677"]
[PlyCount "39"]
[EventDate "2016.??.??"]

1. e4 c5 2. Nf3 d6 3. d4 cxd4 4. Qxd4 Nc6 5. Bb5 Nf6 6. e5 Nd7 7. Bxc6 bxc6 8.
exd6 exd6 9. O-O Nf6 10. Re1+ Be7 11. h3 O-O 12. c4 Bb7 13. Nc3 Re8 14. b3 Qa5
15. Bb2 Qh5 16. Re3 Bf8 17. Rae1 a5 18. Rxe8 Rxe8 19. Rxe8 Nxe8 20. Qb6 1-0

[Event "Mechanics' Spring TNM; G/2"]
[Site "San Francisco"]
[Date "2016.04.05"]
[Round "4.28"]
[White "Handler, Andrew To"]
[Black "Abraham, Michael D"]
[Result "0-1"]
[WhiteElo "1759"]
[BlackElo "1549"]
[PlyCount "50"]
[EventDate "2016.??.??"]

1. e4 c5 2. Nc3 d6 3. f4 Nc6 4. Nf3 a6 5. a4 Bg4 6. h3 Bxf3 7. Qxf3 e6 8. Bc4
Nd4 9. Qd1 Qh4+ 10. Kf1 Qxf4+ 11. Kg1 Nf6 12. d3 Qg3 13. Ne2 Nxe2+ 14. Qxe2 Be7
15. Be3 O-O 16. Bf2 Qe5 17. c3 d5 18. Bb3 dxe4 19. d4 cxd4 20. Bxd4 Bc5 21. Qe3
Bxd4 22. cxd4 Nd5 23. Bxd5 Qxd5 24. Kh2 Qd6+ 25. g3 f5 0-1

[Event "Mechanics' Summer TNM; G/2"]
[Site "San Francisco"]
[Date "2016.06.21"]
[Round "5.33"]
[White "Handler, Andrew To"]
[Black "Ayinala, Nihar"]
[Result "1-0"]
[WhiteElo "1712"]
[BlackElo "1227"]
[PlyCount "65"]
[EventDate "2016.??.??"]

1. e4 c5 2. Nc3 Nc6 3. f4 g6 4. Nf3 Bg7 5. Bb5 e6 6. Bxc6 bxc6 7. d3 d5 8. e5
Ne7 9. O-O Nf5 10. b3 O-O 11. Na4 Qa5 12. Bd2 Qc7 13. c4 Qe7 14. Qe1 f6 15. Bc3
d4 16. Bd2 Bb7 17. exf6 Bxf6 18. Ne5 Rad8 19. Qe2 g5 20. Rae1 Rde8 21. Qh5 Bxe5
22. Rxe5 gxf4 23. Bxf4 Qh4 24. Qxh4 Nxh4 25. Nxc5 Bc8 26. Bh6 Rxf1+ 27. Kxf1
Ng6 28. Re2 Nh4 29. Ne4 Nf5 30. Nf6+ Kf7 31. Nxe8 Nxh6 32. Nd6+ Kg8 33. Nxc8
1-0

[Event "Mechanics' Summer TNM; G/2"]
[Site "San Francisco"]
[Date "2016.07.12"]
[Round "8.17"]
[White "Handler, Andrew To"]
[Black "Babayan, Gagik"]
[Result "0-1"]
[WhiteElo "1712"]
[BlackElo "1861"]
[Annotator "Donaldson"]
[PlyCount "67"]
[EventDate "2016.??.??"]

1. e4 d5 2. exd5 Nf6 3. d4 Nxd5 4. Nf3 Bf5 5. a3 a5 6. c4 Nf6 7. Nc3 e6 8. Be2
Be7 9. O-O h6 10. Ne5 Nbd7 11. Bf4 c6 12. h3 Nxe5 13. Bxe5 O-O 14. Qb3 Qc8 15.
Na4 Nd7 16. Nb6 Nxb6 17. Qxb6 Bd8 18. Qb3 Bc7 19. Qg3 Bxe5 20. Qxe5 Rd8 21. Bf3
Qb8 22. Qe3 Qd6 23. Rfd1 Rac8 24. Be4 Bxe4 25. Qxe4 b5 26. b3 bxc4 27. bxc4 Rb8
28. Rd3 a4 29. f4 Rb3 30. c5 Qd7 31. Rad1 Rdb8 32. d5 $2 (32. R1d2 $17) 32...
Rxd3 33. Rxd3 cxd5 34. Qxa4 $4 0-1

[Event "Mechanics' Winter TNM; G/2"]
[Site "San Francisco"]
[Date "2016.01.12"]
[Round "2.12"]
[White "Handler, Andrew To"]
[Black "Grey, Peter G"]
[Result "0-1"]
[WhiteElo "1752"]
[BlackElo "2000"]
[PlyCount "44"]
[EventDate "2016.??.??"]

1. e4 c5 2. Nc3 a6 3. f4 b5 4. Nf3 Bb7 5. d3 e6 6. g3 d5 7. Qe2 Nf6 8. e5 d4 9.
Ne4 Nxe4 10. dxe4 Nc6 11. Bd2 c4 12. Bg2 Nb4 13. Bxb4 Bxb4+ 14. Nd2 Qa5 15. a3
Rd8 16. Rd1 Bc5 17. Qg4 O-O 18. b4 cxb3 19. cxb3 Qxa3 20. O-O Qb4 21. f5 exf5
22. exf5 d3+ 0-1

[Event "Mechanics' Fall TNM; G/2"]
[Site "San Francisco"]
[Date "2016.11.15"]
[Round "5.8"]
[White "Handler, Andrew To"]
[Black "Krasnov, Steven Le"]
[Result "0-1"]
[WhiteElo "1701"]
[BlackElo "1977"]
[PlyCount "50"]
[EventDate "2016.??.??"]

1. e4 c5 2. Nc3 e6 3. f4 d5 4. e5 a6 5. Nf3 b5 6. g3 Nh6 7. Bg2 Bb7 8. O-O Nf5
9. d3 Be7 10. Bd2 Nc6 11. Ne2 O-O 12. g4 Nh4 13. g5 Nxg2 14. Kxg2 f6 15. h4 d4
16. Kh3 fxe5 17. Nxe5 Nxe5 18. fxe5 Qd5 19. Rxf8+ Rxf8 20. Qg1 Rf3+ 21. Ng3
Qxe5 22. Rf1 Qf5+ 23. Kh2 Bd6 24. Rxf3 Qxf3 25. Be1 Qg4 0-1

[Event "Mechanics' Fall TNM; G/2"]
[Site "San Francisco"]
[Date "2016.10.25"]
[Round "2.15"]
[White "Handler, Andrew To"]
[Black "Manvelyan, Hovik"]
[Result "1-0"]
[WhiteElo "1701"]
[BlackElo "2007"]
[PlyCount "23"]
[EventDate "2016.??.??"]

1. e4 c5 2. Nc3 Nc6 3. f4 d6 4. Nf3 g6 5. Bc4 e6 6. d4 cxd4 7. Nxd4 Bg7 8. Be3
Qb6 9. Nf5 Qxb2 10. Nxg7+ Ke7 11. Nb5 Nh6 12. Rb1 1-0

[Event "Mechanics' Winter TNM; G/2"]
[Site "San Francisco"]
[Date "2016.02.16"]
[Round "7.28"]
[White "Handler, Andrew To"]
[Black "Morgan, Jerry Dugl"]
[Result "1-0"]
[WhiteElo "1752"]
[BlackElo "1590"]
[PlyCount "69"]
[EventDate "2016.??.??"]

1. e4 Nf6 2. Nc3 e5 3. Bc4 Nxe4 4. Qh5 Nd6 5. Bb3 Nc6 6. Nb5 g6 7. Qf3 f5 8.
Qd5 Qe7 9. Nxc7+ Kd8 10. Nxa8 b6 11. d3 Bb7 12. Qf3 Nd4 13. Qg3 f4 14. Qg4 Bg7
15. Bd2 Bxa8 16. O-O-O Nxb3+ 17. axb3 Nb5 18. Nf3 Rf8 19. Rhe1 Rf5 20. h4 Qf6
21. Re4 Bxe4 22. dxe4 d6 23. exf5 e4 24. Qg5 exf3 25. Qxf6+ Bxf6 26. gxf3 g5
27. hxg5 Bxg5 28. Bc3 Ke7 29. Bb4 a5 30. Bc3 h5 31. Kd2 Bf6 32. Bxf6+ Kxf6 33.
Ke2 Ke5 34. f6 Kxf6 35. c4 1-0

[Event "Mechanics' Spring TNM; G/2"]
[Site "San Francisco"]
[Date "2016.03.15"]
[Round "1.40"]
[White "Handler, Andrew To"]
[Black "Orgilmunkh, Tselmeg"]
[Result "1-0"]
[WhiteElo "1759"]
[BlackElo "258"]
[PlyCount "59"]
[EventDate "2016.??.??"]

1. e4 e5 2. Bc4 Nf6 3. d3 Nc6 4. Nc3 Bc5 5. f4 d6 6. Nf3 Bg4 7. Na4 Bb4+ 8. c3
Ba5 9. b4 Bb6 10. Nxb6 axb6 11. O-O O-O 12. h3 Bh5 13. g4 Bg6 14. f5 Qe8 15.
fxg6 hxg6 16. Bg5 Nd7 17. Qe1 Qb8 18. Qh4 b5 19. Bxb5 Qa7+ 20. Kh1 Qa3 21. Be3
Qb2 22. Bc4 Ra3 23. Rab1 Qc2 24. Rfc1 Qa4 25. Ng5 Ra8 26. Bxf7+ Kf8 27. Bb3 Qb5
28. Rf1+ Ke8 29. Qh8+ Ke7 30. Rf7# 1-0

[Event "Mechanics' Fall TNM; G/2"]
[Site "San Francisco"]
[Date "2016.12.06"]
[Round "8.24"]
[White "Handler, Andrew To"]
[Black "Ricard, Bruce"]
[Result "1-0"]
[WhiteElo "1701"]
[BlackElo "1569"]
[PlyCount "41"]
[EventDate "2016.??.??"]

1. e4 e5 2. Bc4 Nf6 3. d3 c6 4. Bb3 d5 5. Nf3 Bd6 6. Nc3 d4 7. Ne2 Nbd7 8. a3
a5 9. Ng5 O-O 10. Ng3 a4 11. Ba2 h6 12. h4 Nc5 13. Bd2 hxg5 14. hxg5 Ng4 15.
Nf5 Nxf2 16. Kxf2 g6 17. Rh8+ Kxh8 18. Qh1+ Kg8 19. Qh6 gxf5 20. Qg6+ Kh8 21.
Rh1# 1-0

[Event "Mechanics' Fall TNM; G/2"]
[Site "San Francisco"]
[Date "2016.11.01"]
[Round "3.8"]
[White "Handler, Andrew To"]
[Black "Sevall, Jacob"]
[Result "1-0"]
[WhiteElo "1701"]
[BlackElo "2033"]
[Annotator "Donaldson"]
[PlyCount "25"]
[EventDate "2016.??.??"]

1. e4 e5 2. Bc4 Nf6 3. d3 Bc5 4. Nc3 d6 5. f4 Ng4 6. f5 Nf2 7. Qh5 O-O $2 {
The losing move} (7... g6 8. Qh6 Kd7 (8... Nxh1 $4 9. Bg5 $1 Qd7 10. Nd5) 9.
Na4 Nxh1 10. Nxc5+ dxc5 11. Nf3 {
offers White excellent compensation for the sacrificed material.}) 8. Nf3 Nxh1
(8... Nd7 9. Bg5 Nf6 10. Bxf6 Qxf6 (10... gxf6 11. Rf1) 11. Nd5 Qh6 12. Qxh6
gxh6 13. b4 {wins.}) 9. Ng5 h6 10. Nxf7 ({Or} 10. Bxf7+ Kh8 11. Qg6 {
which also wins.}) 10... Rxf7 11. Qxf7+ Kh8 {Diagram [#]} 12. Bg5 $1 ({Or} 12.
f6 $1) 12... Bf2+ 13. Kf1 1-0

[Event "Mechanics' Winter TNM; G/2"]
[Site "San Francisco"]
[Date "2016.01.26"]
[Round "4.30"]
[White "Handler, Andrew To"]
[Black "Zulkhuu, Jamyandag"]
[Result "1-0"]
[WhiteElo "1752"]
[BlackElo "1049"]
[PlyCount "65"]
[EventDate "2016.??.??"]

1. e4 e5 2. Bc4 Nc6 3. Nc3 Nf6 4. d3 Bd6 5. Nf3 b6 6. Bg5 h6 7. Bxf6 Qxf6 8.
Nd5 Qd8 9. c3 Bb7 10. O-O Be7 11. Re1 d6 12. d4 Qd7 13. Qe2 O-O-O 14. Nxe7+
Qxe7 15. d5 Na5 16. Ba6 g5 17. b4 Bxa6 18. Qxa6+ Nb7 19. a4 g4 20. Nd2 g3 21.
fxg3 Qg5 22. Nc4 h5 23. a5 h4 24. axb6 cxb6 25. Nxb6+ Kb8 26. Qxa7+ Kc7 27. Nc4
hxg3 28. Qb6+ Kd7 29. Qxb7+ Ke8 30. h3 Rxh3 31. gxh3 Qf4 32. Rf1 Qxe4 33. Qxf7#
1-0

[Event "Mechanics' Alan Benson TNM; G/2"]
[Site "San Francisco"]
[Date "2016.09.06"]
[Round "6.16"]
[White "Handler, Andrew Todd"]
[Black "Dougal, Michael"]
[Result "0-1"]
[WhiteElo "1701"]
[BlackElo "1931"]
[PlyCount "86"]
[EventDate "2016.??.??"]

1. e4 d6 2. d4 Nf6 3. Nc3 g6 4. Be3 c6 5. Qd2 b5 6. f3 Nbd7 7. O-O-O Nb6 8. Bd3
b4 9. Nce2 a5 10. Bh6 Bxh6 11. Qxh6 Be6 12. Kb1 a4 13. Nf4 b3 14. Nxe6 bxa2+
15. Kxa2 fxe6 16. Ne2 Kd7 17. Nf4 Qg8 18. e5 Nfd5 19. Nxd5 Nxd5 20. Rhe1 a3 21.
b3 Nc3+ 22. Ka1 Nxd1 23. Rxd1 d5 24. Qd2 Qb8 25. Ka2 Qb6 26. c3 c5 27. dxc5
Qxc5 28. c4 Qd4 29. cxd5 Qb2+ 30. Qxb2 axb2+ 31. Kxb2 exd5 32. Bb5+ Ke6 33. f4
Rab8 34. Be2 Rhd8 35. Bg4+ Kf7 36. Rd4 e6 37. Be2 Rb6 38. Bg4 Rdb8 39. Bd1 Rb4
40. Kc3 Rxd4 41. Kxd4 Rb4+ 42. Ke3 Re4+ 43. Kf3 Re1 0-1

[Event "Mechanics' Alan Benson TNM; G/2"]
[Site "San Francisco"]
[Date "2016.09.13"]
[Round "7.20"]
[White "Handler, Andrew Todd"]
[Black "Poling, Scott E"]
[Result "1-0"]
[WhiteElo "1701"]
[BlackElo "1918"]
[Annotator "Winslow,Elliott"]
[PlyCount "59"]
[EventDate "2016.??.??"]

1. e4 c5 2. Nc3 a6 3. Nge2 b5 4. d4 cxd4 5. Nxd4 Bb7 6. Bd3 e6 7. O-O Qc7 8.
Qe2 Bc5 9. Nb3 Be7 10. f4 Nf6 11. a3 d6 12. Bd2 Nbd7 13. Rae1 O-O $6 {
I have replaced "Castle as soon as you can" with "Castle as late as you can --
but not too late."Caseinpoint?} (13... Nc5) 14. e5 dxe5 (14... Nd5 {
keeping things a bit more closed might be right.}) 15. fxe5 Nd5 16. Nxd5 Bxd5
17. Bc3 Nc5 18. Nxc5 Bxc5+ 19. Kh1 Bxa3 20. Qh5 g6 21. Qh6 Bc5 22. Rf4 f5 23.
exf6 Rf7 24. Rg4 Bf8 25. Qg5 b4 26. Be5 Qb7 {Diagram (#)} 27. Bxg6 hxg6 28.
Qxg6+ Bg7 29. fxg7 Rf2 30. Rh4 1-0

[Event "Mechanics' Alan Benson TNM; G/2"]
[Site "San Francisco"]
[Date "2016.08.09"]
[Round "2.10"]
[White "Handler, Andrew Todd"]
[Black "Smith III, Mahlon"]
[Result "1/2-1/2"]
[WhiteElo "1701"]
[BlackElo "2064"]
[PlyCount "107"]
[EventDate "2016.??.??"]

1. e4 c5 2. Nc3 d6 3. f4 Nc6 4. Nf3 Bg4 5. Bb5 a6 6. Bxc6+ bxc6 7. d3 Rb8 8.
O-O Qc7 9. Qe1 g6 10. Rb1 Bg7 11. Bd2 Bd7 12. e5 Kf8 13. Ng5 h6 14. Nf3 Bg4 15.
exd6 exd6 16. Qg3 Nf6 17. b3 Re8 18. Rbe1 Qd7 19. Ne4 Nxe4 20. dxe4 Bxf3 21.
Rxf3 Kg8 22. f5 Be5 23. Bf4 g5 24. Bxe5 Rxe5 25. c4 Kh7 26. Rd3 Qe7 27. Red1
Rd8 28. h3 Kg7 29. h4 f6 30. Kh2 Rxe4 31. hxg5 hxg5 32. Rxd6 Rh4+ 33. Kg1 Rd4
34. Rxd8 Qxd8 35. Re1 Rf4 36. Qe3 Qd4 37. Qxd4 cxd4 38. Re6 c5 39. Rxa6 Rxf5
40. Rd6 Kf7 41. b4 cxb4 42. Rxd4 Ra5 43. c5 Rxa2 44. Rxb4 Rc2 45. Rb5 g4 46.
Kh2 Ke6 47. Rb6+ Ke5 48. c6 f5 49. Kg3 f4+ 50. Kxg4 Rxg2+ 51. Kf3 Rg3+ 52. Kf2
Rc3 53. Rb5+ Kd4 54. Rb4+ 1/2-1/2

[Event "Mechanics' Winter TNM; G/2"]
[Site "San Francisco"]
[Date "2016.01.12"]
[Round "2.14"]
[White "Harman, Fred"]
[Black "Rudyak, Felix"]
[Result "0-1"]
[WhiteElo "1812"]
[BlackElo "1973"]
[Annotator "Donaldson"]
[PlyCount "86"]
[EventDate "2016.??.??"]

1. c4 e6 2. d4 d5 3. e3 c5 4. Nf3 Nc6 5. Nc3 Nf6 6. Be2 cxd4 7. Nxd4 Bb4 8. a3
Bxc3+ 9. bxc3 O-O 10. O-O Ne5 11. cxd5 exd5 12. f3 Bd7 13. Qb3 Qc7 14. Bd2 Rfe8
15. Rfe1 Rab8 16. a4 a6 17. Rab1 Ng6 18. c4 dxc4 19. Bxc4 Ne5 20. Bf1 Nc6 21.
Bc4 Re7 22. Bc3 Na5 23. Bxa5 Qxa5 24. Qb4 Qxb4 25. Rxb4 a5 26. Rbb1 Bxa4 27.
Ra1 Bd7 28. Rxa5 g6 29. e4 Ne8 30. Bb5 Nd6 31. Bxd7 Rxd7 32. Rd5 Rbd8 33. Rd1
Nc4 34. Nb5 (34. Nc6 Rxd5 35. Rxd5 Rxd5 36. Ne7+ $11) 34... Rxd5 35. Rxd5 Rxd5
36. exd5 Kf8 37. Kf1 (37. Kf2) 37... Ne3+ 38. Kf2 Nxd5 39. Ke2 Ke7 40. g3 Kd7
41. Kd3 Kc6 42. Nd4+ Kc5 43. Nc2 Nb4+ 0-1

[Event "Mechanics' Spring TNM; G/2"]
[Site "San Francisco"]
[Date "2016.03.22"]
[Round "2.43"]
[White "Harmon, Fred"]
[Black "Malykin, Erika"]
[Result "1-0"]
[WhiteElo "1812"]
[BlackElo "1596"]
[Annotator "Donaldson"]
[PlyCount "95"]
[EventDate "2016.??.??"]

1. d4 e6 2. Nf3 c5 3. c3 Nf6 4. e3 d5 5. Bd3 Nc6 6. a3 b6 7. O-O Bb7 8. Bb5 a6
9. Bxc6+ Bxc6 10. Ne5 Qc7 11. Nxc6 Qxc6 12. Nd2 Bd6 13. f4 h5 14. Nf3 Nd7 15.
Bd2 f6 16. Qb1 Rh6 17. b4 c4 18. Re1 e5 19. fxe5 fxe5 20. e4 Re6 21. Ng5 Re7
22. exd5 Qxd5 23. Qg6+ Kd8 24. Ne4 Nf6 25. Bg5 Kc7 26. Nxd6 Qxd6 27. dxe5 Rxe5
28. Qf7+ Kc6 29. Qxc4+ Kb7 30. Rxe5 Qxe5 31. Bxf6 gxf6 32. Qf7+ Kc6 33. Rd1 Qf5
34. c4 Rc8 35. h3 Rc7 36. b5+ axb5 37. Qe8+ Kb7 38. cxb5 Qc5+ 39. Kh1 Qf5 40.
a4 h4 41. Re1 Qf2 42. Qe4+ Kb8 43. a5 bxa5 44. b6 Rg7 (44... Rc4) 45. Rd1 Rg8
46. Rc1 Qd2 47. Qc6 Rg7 48. Qc8# 1-0

[Event "Mechanics' Summer TNM; G/2"]
[Site "San Francisco"]
[Date "2016.05.24"]
[Round "1.33"]
[White "Harmon, Frederick"]
[Black "Raphael, Pat"]
[Result "1-0"]
[WhiteElo "1766"]
[BlackElo "629"]
[PlyCount "59"]
[EventDate "2016.??.??"]

1. d4 e6 2. c4 c5 3. d5 Nf6 4. Nc3 Qa5 5. Bd2 Qc7 6. e4 Bd6 7. Nf3 Ng4 8. h3
Ne5 9. Nb5 Qb6 10. Bc3 Nxf3+ 11. Qxf3 O-O 12. Bd3 e5 13. a4 a5 14. O-O Be7 15.
Bxe5 Qg6 16. Bc3 d6 17. e5 Qg5 18. exd6 Bf6 19. Bxf6 gxf6 20. Rae1 Qd2 21. Re2
Qg5 22. Nc7 Ra7 23. Ne8 f5 24. Re5 Nd7 25. Rxf5 Qh6 26. Rh5 Ne5 27. Qg3+ Qg6
28. Nf6+ Kh8 29. Bxg6 Nxg6 30. Rxh7# 1-0

[Event "Mechanics' Summer TNM; G/2"]
[Site "San Francisco"]
[Date "2016.06.28"]
[Round "6.14"]
[White "Harmon, Frederick"]
[Black "Steger, Eric Alan"]
[Result "1-0"]
[WhiteElo "1766"]
[BlackElo "2011"]
[PlyCount "79"]
[EventDate "2016.??.??"]

1. e4 e5 2. Bc4 Bc5 3. h3 Nf6 4. d3 c6 5. Nf3 d6 6. O-O b5 7. Bb3 O-O 8. a3
Nbd7 9. Bg5 h6 10. Bd2 a5 11. Ba2 Kh7 12. Nc3 Qe7 13. Re1 Bb7 14. Qc1 Ng8 15.
Be3 Bxe3 16. Qxe3 g6 17. d4 Ngf6 18. dxe5 dxe5 19. Rad1 b4 20. Na4 c5 21. Bd5
Rab8 22. axb4 axb4 23. b3 Rfe8 24. Bxb7 Rxb7 25. Rd2 Rc8 26. Nb2 Nb6 27. Qe2 c4
28. bxc4 Rbc7 29. Qd3 Rd7 30. Qb3 Rcd8 31. Rxd7 Rxd7 32. Nd3 Rc7 33. Nfxe5 Nfd7
34. Nxd7 Nxd7 35. Nxb4 Nc5 36. Nd5 Nxb3 37. Nxe7 Nd2 38. Nd5 Rxc4 39. c3 Rxe4
40. Nf6+ 1-0